COPPER AND COPPER BASE POWDER ALLOYS A LITERATED SURVEY OF RECENT TECHNICAL ADVANCES (Record no. 582094)
[ view plain ]
| 000 -LEADER | |
|---|---|
| fixed length control field | 00272nam a22000977a 4500 |
| 082 ## - DEWEY DECIMAL CLASSIFICATION NUMBER | |
| Classification number | 669.3 COP'P |
| 245 ## - TITLE STATEMENT | |
| Title | COPPER AND COPPER BASE POWDER ALLOYS A LITERATED SURVEY OF RECENT TECHNICAL ADVANCES |
| 260 ## - PUBLICATION, DISTRIBUTION, ETC. | |
| Place of publication, distribution, etc. | NEWJERSCY |
| Name of publisher, distributor, etc. | METAL POWDER |
| Date of publication, distribution, etc. | 1976 |
| 300 ## - PHYSICAL DESCRIPTION | |
| Extent | 464P |
| 942 ## - ADDED ENTRY ELEMENTS (KOHA) | |
| Koha item type | Book |
| Withdrawn status | Lost status | Damaged status | Not for loan | Permanent Location | Current Location | Shelving location | Date acquired | Total Checkouts | Full call number | Barcode | Date last seen | Price effective from | Koha item type |
|---|---|---|---|---|---|---|---|---|---|---|---|---|---|
| College of Electrical & Mechanical Engineering (CEME) | College of Electrical & Mechanical Engineering (CEME) | General Stacks | 06/01/2017 | 669.3 COP'P | CEME-10508 | 06/28/2021 | 06/28/2021 | Book |
